000 00826cam a22002531 4500
001 31251
003 BD-RjUL
005 20211209051658.0
008 140413s1967 nyu 000 0 eng
035 _a(BD-RjUL)31338
035 _a(OCoLC)3228263
040 _aDLC
_cKyRE
_dOCoLC
_dDLC
_dBD-RjUL
_beng
041 _aeng
082 _a193
_bLUH 1967
100 1 _aLuqueer, Frederic Ludlow,
_d1870- [from old catalog]
_995093
245 1 0 _aHegel as educator /
_cby Frederic Ludlow Luqueer.
260 _aNew York :
_bAMS Inc.,
_c1967.
300 _a185 p. ;
_c24 cm.
600 1 0 _aHegel, Georg Wilhelm Friedrich,
_d1770-1831.
_951347
942 _2ddc
_cBK
999 _c31251
_d31251